000 01073cam a22003017a 4500
003 CHAP
005 20220817044419.0
008 110118s2010 mx d rs 00010 spa d
010 _a100269
011 _a101241
020 _a9786074940893
035 _a111928
040 _cCHAP
082 0 4 _a317.2
_bI64 2009
110 0 _aInstituto Nacional de Estadística y Geografía. México
245 1 0 _aEncuesta nacional de empleo y seguridad social 2009
_c/por Instituto Nacional de Estadística, Geografía e Informática
260 _aAguascalientes, Ags. :
_bINEGI,
_c2010
300 _a193 p. :
_bcuadros, anexos
590 _aBATCH-UPD
_b10
_c20130110
_lUCH01
_h1011
590 _aBATCH-UPD
_b10
_c20130410
_lUCH01
_h0619
590 _aBATCH-UPD
_b10
_c20130914
_lUCH01
_h1300
590 _aCONVERSION
_b10
_c20130109
_lUCH01
_h1355
650 1 4 _aEmpleo
_xEstadísticas
_zMéxico.
_936559
650 1 4 _aSeguridad social
_xEstadísticas.
_9103680
901 _aBK
942 _cLIBRO
949 _a317.2 I64 2009
_bBC
_cINEGI
_d33724002230074
_eINEGI
_gDonaciØn
_h113897
_i111928
_sb
999 _c100269
_d100269